Распоряжение командующего войсками Белорусского фронта М. П. Ковалева о создании органов временного управления на занятой частям...

RUSMARC
00004411cam0a2200289#x 450
001f0238551-b776-4ab9-b972-4a52963cbc43
00520230530153631.0
100##$a20210115j19390919k###0rusy50 ca
1010#$apol
102##$aRU
1220#$ad19390919##
2001#$aРаспоряжение командующего войсками Белорусского фронта М. П. Ковалева о создании органов временного управления на занятой частями РККА территории Западной Белоруссии и поддержании местными жителями общественного порядка
$j19 сентября 1939 г.
251##$cДокумент
300##$aТипографский экземпляр. На польском и белорусском языках
461#0$12001
$aФ. 307к
$1251
$cФонд
$1852
$j307к
462#0$12001
$aОп. 4
$1251
$cОпись
$1852
$j4
462#0$12001
$aД. 5
$vЛ. 1-2
$1251
$cДело
$1852
$j5
605##$aВторая мировая война в архивных документах (Комплекс оцифрованных архивных документов, кино- и фотоматериалов)
$lколлекция
$2acquisition_Prlib
$3LIBNET\UAF\0000088514
605##$aРоссия - Беларусь: из истории взаимоотношений
$lколлекция
$2acquisition_Prlib
$3LIBNET\UAF\0000107215
607##$2prlib_sh
$3LIBNET\UAF\0000092254
$aБелоруссия Западная
$xПолитика и управление
$z1939
$jДокументы и материалы
686##$a63.3(2)621-3ю11
$vLBC/M
$2rubbk
801#0$aRU
$bПБ им. Б.Н. Ельцина
$c20210115
801#1$aRU
$bПБ им. Б.Н. Ельцина
$c20210115
$2rusmarc
801#2$aRU
$bПБ им. Б.Н. Ельцина
$c20210125
$2rusmarc
850##$aРоссийский государственный военный архив
852##$aРГВА
$jЛ. 1-2
8564#$nПБ им. Б.Н. Ельцина
$uhttp://readingroom.main.prlib.ru/item.aspx?id_node=n154338912&mode=full
035##$aLIBNET\0001122742
937##$d154338912
$hФедеральное архивное агентство
Формат отображения